Identifying best practice for Regulation in conducting the valuation process, in accordance with RICS Valuation Standards, to mitigate valuation risk (Record no. 121788)

MARC details
000 -LEADER
fixed length control field 01042cad a22002295a 4500
008 - FIXED-LENGTH DATA ELEMENTS--GENERAL INFORMATION
fixed length control field 240202s2014 xxk f f 001 0 eng d
041 0# - LANGUAGE CODE
Language code of text/sound track or separate title eng
110 2# - MAIN ENTRY--CORPORATE NAME
Corporate name or jurisdiction name as entry element Royal Institution of Chartered Surveyors
9 (RLIN) 4900
245 04 - TITLE STATEMENT
Title Identifying best practice for Regulation in conducting the valuation process, in accordance with RICS Valuation Standards, to mitigate valuation risk
Remainder of title : Executive summary
Medium [electronic resource]
260 ## - PUBLICATION, DISTRIBUTION, ETC.
Place of publication, distribution, etc. London
Name of publisher, distributor, etc. RICS
Date of publication, distribution, etc. 2014
300 ## - PHYSICAL DESCRIPTION
Extent 12p.
490 #0 - SERIES STATEMENT
Series statement RICS Research
520 ## - SUMMARY, ETC.
Summary, etc. This research was instigated and carried out by independent researchers from Northumbria University during Q3 2011 to Q2 2012. References the Carsberg report.
650 24 - SUBJECT ADDED ENTRY--TOPICAL TERM
Topical term or geographic name entry element VALUATION
651 #4 - SUBJECT ADDED ENTRY--GEOGRAPHIC NAME
Geographic name International
690 ## - LOCAL SUBJECT ADDED ENTRY--TOPICAL TERM (OCLC, RLIN)
Topical term or geographic name as entry element Valuation
9 (RLIN) 6273
700 1# - ADDED ENTRY--PERSONAL NAME
Personal name Downie, Mary-Lou
700 1# - ADDED ENTRY--PERSONAL NAME
Personal name Robson, Gill
710 ## - ADDED ENTRY--CORPORATE NAME
Corporate name or jurisdiction name as entry element University of Northumbria
9 (RLIN) 3642
856 40 - ELECTRONIC LOCATION AND ACCESS
Uniform Resource Identifier <a href="https://www.propertyresearchtrust.org/uploads/1/3/4/8/134819607/regulation_valuation_process.pdf">https://www.propertyresearchtrust.org/uploads/1/3/4/8/134819607/regulation_valuation_process.pdf</a>
Public note Available from Property Research Trust
942 ## - ADDED ENTRY ELEMENTS (KOHA)
Suppress in OPAC 0
Source of classification or shelving scheme Dewey Decimal Classification
Holdings
Withdrawn status Lost status Damaged status Not for loan Home library Current library Shelving location Date acquired Total Checkouts Full call number Date last seen Price effective from Koha item type
        Virtual Virtual Online 02/02/2024   SCAN 02/02/2024 02/02/2024 Online material